000 00526nam a2200169 a 4500
001 000038754
005 20201002031348.0
008 130419s1974 ag 000 0 spa d
040 _aDO-SdBNP
_bspa
_cBNPHU
100 1 _aJohnson, H. M.
_965052
245 1 3 _aEl cambio social /
_cH. M. Johnson.
250 _a2a ed.
260 _aBuenos Aires, Argentina :
_bPaidós ,
_c1974.
300 _a198 p. : ;
_c18 cm.
490 1 _aBiblioteca del hombre contemporáneo
_v188
830 0 _aBiblioteca del hombre contemporáneo
_n188
_965053
999 _c38244
_d38244